[Event "Russian Championship B19 2016"]
[Site "Loo"]
[Date "2016.04.28"]
[Round "9.9"]
[White "Zhuk, Valeriy"]
[Black "Bychkov, Vladimir"]
[Result "0-1"]
[WhiteElo "2310"]
[BlackElo "2176"]
[PlyCount "70"]
[EventDate "2016.04.20"]

1. d4 Nf6 2. c4 g6 3. Nc3 Bg7 4. e4 d6 5. Nf3 O-O 6. Be2 e5 7. d5 a5 8. Bg5 Na6
9. Nd2 Qe8 10. a3 h6 11. Be3 Bd7 12. b3 Nh7 13. Rb1 f5 14. f3 Nf6 15. g4 c6 16.
h4 Qe7 17. h5 f4 18. Bf2 gxh5 19. gxh5 Nh7 20. b4 axb4 21. axb4 Ng5 22. dxc6
bxc6 23. c5 dxc5 24. Bxa6 Rxa6 25. Bxc5 Qf6 26. Bxf8 Bxf8 27. Ke2 Be6 28. Na4
Bf7 29. Rb2 Qd8 30. Nc5 Bxc5 31. bxc5 Qd4 32. Rb8+ Kg7 33. Rg1 Ra2 34. Rg2 Bc4+
35. Ke1 Qe3+ 0-1

[Event "Russian Championship B19 2016"]
[Site "Loo"]
[Date "2016.04.28"]
[Round "9.10"]
[White "Litvinov, Maxim"]
[Black "Khramov, Andrey"]
[Result "1-0"]
[WhiteElo "2413"]
[BlackElo "2125"]
[PlyCount "119"]
[EventDate "2016.04.20"]

1. Nf3 d5 2. g3 Bg4 3. Bg2 c6 4. O-O Nd7 5. d3 Ngf6 6. Nbd2 e5 7. e4 dxe4 8.
dxe4 Bc5 9. Qe1 O-O 10. Nc4 Qc7 11. b4 Be7 12. Bb2 Bxf3 13. Bxf3 b5 14. Ne3 a5
15. a3 Rfe8 16. Qc3 Bf8 17. Nd5 Qb7 18. Nxf6+ Nxf6 19. Rfd1 Nd7 20. Bg4 Nb6 21.
Qb3 Qe7 22. c3 Red8 23. Be2 Qe6 24. Qxe6 fxe6 25. Rac1 Nc4 26. Bxc4 bxc4 27.
Kf1 Kf7 28. Ke2 Ke8 29. Rxd8+ Rxd8 30. Rb1 Rb8 31. Bc1 c5 32. b5 a4 33. f4 Rb6
34. fxe5 Be7 35. Kf3 Kf7 36. Be3 Ke8 37. h4 Kd7 38. Kg4 Rb8 39. Bg5 Bf8 40. Rf1
Ke8 41. Rb1 Kd7 42. b6 Kc6 43. Rf1 Kxb6 44. Rf7 Ka6 45. h5 h6 46. Bf4 Re8 47.
Kf3 Rd8 48. Ke2 Kb6 49. g4 Kc6 50. g5 Re8 51. Kf3 Rd8 52. Kg4 Rb8 53. gxh6 gxh6
54. Be3 Rd8 55. Rf6 Kd7 56. Bxh6 Bxh6 57. Rxh6 Rb8 58. Rf6 Rg8+ 59. Rg6 Rf8 60.
h6 1-0

[Event "Russian Championship B19 2016"]
[Site "Loo"]
[Date "2016.04.28"]
[Round "9.11"]
[White "Petrushev, Nikita"]
[Black "Mikheev, Aleksey"]
[Result "1-0"]
[WhiteElo "2024"]
[BlackElo "2268"]
[PlyCount "115"]
[EventDate "2016.04.20"]

1. e4 c5 2. Nf3 e6 3. d4 cxd4 4. Nxd4 a6 5. Bd3 Qc7 6. c4 Nf6 7. Nc3 Be7 8. O-O
O-O 9. Be3 d6 10. f4 Nc6 11. Rc1 Nxd4 12. Bxd4 Nd7 13. Qe1 Bf6 14. Bxf6 Nxf6
15. Qh4 Qc5+ 16. Kh1 Qh5 17. Qxh5 Nxh5 18. e5 dxe5 19. fxe5 g6 20. g4 Ng7 21.
Rcd1 Ne8 22. Be4 f6 23. Na4 f5 24. Nb6 Rb8 25. gxf5 exf5 26. Nxc8 fxe4 27.
Rxf8+ Kxf8 28. Rd8 b6 29. Kg2 Kf7 30. Nd6+ Nxd6 31. Rxb8 Nxc4 32. b3 Ne3+ 33.
Kf2 Nd5 34. Rb7+ Ke6 35. Rxh7 Kxe5 36. Rg7 Kf6 37. Rg8 a5 38. h4 Kf5 39. Rc8
Kf4 40. Rc6 e3+ 41. Ke1 Kg4 42. Rxg6+ Kxh4 43. Re6 Nf4 44. Rxb6 Kg3 45. Rb5 Kf3
46. Rf5 Ke4 47. Rxa5 Kd3 48. Re5 Kd4 49. Re8 Kd3 50. a4 Kd4 51. a5 Nd3+ 52. Kf1
Nb4 53. Ke2 Nc6 54. a6 Kd5 55. Kxe3 Kd6 56. Rc8 Na7 57. Rc1 Nb5 58. b4 1-0

[Event "Russian Championship B19 2016"]
[Site "Loo"]
[Date "2016.04.28"]
[Round "9.12"]
[White "Sinyanskiy, Maxim"]
[Black "Kovalev, Egor"]
[Result "1-0"]
[WhiteElo "1990"]
[BlackElo "2207"]
[PlyCount "93"]
[EventDate "2016.04.20"]

1. e4 c5 2. Nf3 e6 3. d4 cxd4 4. Nxd4 Nf6 5. Nc3 Bb4 6. e5 Nd5 7. Ndb5 O-O 8.
a3 Nxc3 9. bxc3 Ba5 10. Bd2 Nc6 11. f4 Nxe5 12. fxe5 Qh4+ 13. Ke2 f6 14. h3 a6
15. Nd6 Qh5+ 16. g4 Qxe5+ 17. Be3 b5 18. Bg2 Bb6 19. Qd3 Rb8 20. Rad1 a5 21.
Rhe1 Ba6 22. Kf2 Qf4+ 23. Bf3 Qh2+ 24. Bg2 Qf4+ 25. Kg1 b4 26. c4 bxa3 27. Bxb6
Rxb6 28. Re4 Qg5 29. Qg3 Rfb8 30. Qe3 Qg6 31. Kh2 h5 32. c5 Rb2 33. Rd2 hxg4
34. Rxg4 Qh5 35. c6 f5 36. cxd7 fxg4 37. Qxe6+ Kh8 38. Nf7+ Kh7 39. d8=Q Rxd8
40. Rxd8 g3+ 41. Kxg3 Qg6+ 42. Qg4 Qxg4+ 43. Kxg4 g6 44. Ng5+ Kg7 45. Rd7+ Kf8
46. Rf7+ Ke8 47. Bc6+ 1-0

[Event "Russian Championship B19 2016"]
[Site "Loo"]
[Date "2016.04.28"]
[Round "9.13"]
[White "Mingazov, Almaz"]
[Black "Konaplev, Anton"]
[Result "1-0"]
[WhiteElo "2181"]
[BlackElo "2165"]
[PlyCount "107"]
[EventDate "2016.04.20"]

1. Nf3 d5 2. d4 e6 3. c4 Nf6 4. g3 dxc4 5. Qa4+ Nbd7 6. Bg2 a6 7. Qxc4 b5 8.
Qc6 Ra7 9. Bf4 Bb7 10. Qc2 c5 11. dxc5 Bxc5 12. O-O O-O 13. Nbd2 Nd5 14. Ng5 g6
15. Nde4 Be7 16. Rfd1 Ra8 17. a4 Rc8 18. Qb3 b4 19. Bh3 Qb6 20. a5 Qc6 21. Bg2
Qc2 22. Qxc2 Rxc2 23. Bd6 Bxd6 24. Nxd6 Bc6 25. Rac1 b3 26. Be4 Rc5 27. Ndxf7
Rxf7 28. Nxe6 Rxc1 29. Rxc1 Bb7 30. Nd8 Re7 31. Bg2 N7f6 32. e4 Nf4 33. gxf4
Bxe4 34. Bf1 Kf8 35. Rc8 Bf5 36. Ne6+ Kf7 37. Ng5+ Kg7 38. Rb8 h6 39. Nf3 Be4
40. Nd4 Nd5 41. Rxb3 Nxf4 42. f3 Bb7 43. Rb6 Nd5 44. Rd6 Nb4 45. Ne6+ Kh7 46.
Nc5 Bxf3 47. Nxa6 Nd5 48. Nc5 Kg8 49. Bc4 Re5 50. Nd7 Rg5+ 51. Kf2 Rf5 52. Rf6
Bh1+ 53. Rxf5 gxf5 54. Bxd5+ 1-0

[Event "Russian Championship B19 2016"]
[Site "Loo"]
[Date "2016.04.28"]
[Round "9.14"]
[White "Tarasov, Alexandr"]
[Black "Sizintsev, Alexey"]
[Result "1-0"]
[WhiteElo "2348"]
[BlackElo "2125"]
[PlyCount "39"]
[EventDate "2016.04.20"]

1. b3 e5 2. Bb2 Nc6 3. g3 Nf6 4. Bg2 d6 5. e3 Be7 6. Ne2 Be6 7. d4 Bd5 8. Bxd5
Nxd5 9. c4 Nf6 10. Nbc3 exd4 11. Nxd4 Ne5 12. f4 Ng6 13. g4 Nd7 14. Qf3 Bh4+
15. Ke2 Bf6 16. Nf5 O-O 17. g5 Bxc3 18. Bxc3 f6 19. Rag1 Ne7 20. Nxg7 1-0

[Event "Russian Championship B19 2016"]
[Site "Loo"]
[Date "2016.04.28"]
[Round "9.15"]
[White "Obodenko, Amir"]
[Black "Zhileykin, Andrey"]
[Result "1-0"]
[WhiteElo "2133"]
[BlackElo "2254"]
[PlyCount "55"]
[EventDate "2016.04.20"]

1. e4 c5 2. Nf3 d6 3. c3 Nf6 4. Bd3 Nc6 5. Bc2 g6 6. O-O Bg7 7. d4 cxd4 8. cxd4
O-O 9. d5 Nb4 10. Bb3 a5 11. Nc3 Bg4 12. Be3 Nd7 13. a3 Na6 14. Rc1 Ne5 15. Nb5
Bxf3 16. gxf3 Qd7 17. Nd4 Qh3 18. Kh1 f5 19. exf5 Rxf5 20. Nxf5 Nxf3 21. Bf4
Be5 22. Nh6+ Kg7 23. Ng4 Qxg4 24. Bg3 Rf8 25. Qe2 Qh3 26. Bc2 Kg8 27. Be4 Nd4
28. Qd3 1-0

[Event "Russian Championship B19 2016"]
[Site "Loo"]
[Date "2016.04.28"]
[Round "9.16"]
[White "Ioffe, Ilya"]
[Black "Feoktistov, Nikita"]
[Result "1-0"]
[WhiteElo "2185"]
[BlackElo "2194"]
[PlyCount "55"]
[EventDate "2016.04.20"]

1. e4 c5 2. c3 d5 3. exd5 Qxd5 4. d4 Nc6 5. Nf3 Bg4 6. dxc5 Qxd1+ 7. Kxd1 e5 8.
b4 a5 9. Bb5 O-O-O+ 10. Kc2 Nge7 11. a3 f6 12. Nbd2 Bf5+ 13. Kb2 g5 14. Nc4 Be6
15. Nd6+ Kc7 16. Bxg5 fxg5 17. Nxg5 Bg8 18. Ngf7 Bxf7 19. Nxf7 Bg7 20. Nxd8
Rxd8 21. Rad1 axb4 22. axb4 Nd5 23. Bc4 Nce7 24. Kb3 h5 25. Bxd5 Rxd5 26. Kc4
Rxd1 27. Rxd1 h4 28. Rd6 1-0

[Event "Russian Championship B19 2016"]
[Site "Loo"]
[Date "2016.04.28"]
[Round "9.17"]
[White "Kontsevik, Georgy"]
[Black "Bondarenko, Ivan"]
[Result "0-1"]
[WhiteElo "2163"]
[BlackElo "2194"]
[PlyCount "110"]
[EventDate "2016.04.20"]

1. e4 c5 2. Nf3 e6 3. d4 cxd4 4. Nxd4 Nf6 5. Nc3 d6 6. Be3 Be7 7. f4 O-O 8. Bd3
Nc6 9. Qf3 e5 10. Nde2 exf4 11. Nxf4 Ne5 12. Qe2 Bg4 13. Qd2 Be6 14. O-O Nc4
15. Bxc4 Bxc4 16. Rfe1 Re8 17. Kh1 Ng4 18. Bg1 Bg5 19. h3 Qf6 20. g3 Ne5 21.
Qf2 Qh6 22. Bh2 Ng6 23. Ncd5 Nxf4 24. Nxf4 Bf6 25. c3 Be5 26. Kg2 b5 27. Qf3 b4
28. cxb4 Bxb2 29. Rab1 Be5 30. a4 Rab8 31. Bg1 Ba2 32. Rbd1 Rxb4 33. Bxa7 Rxa4
34. Be3 Qf6 35. Nd3 Qxf3+ 36. Kxf3 Bc3 37. Bd2 Bf6 38. Nf4 Bb3 39. Rc1 Ra2 40.
Bc3 Be7 41. Rb1 Bc2 42. Rb7 Ra3 43. Re3 Bf8 44. Nd5 h6 45. h4 Ra4 46. Bb4 Bd1+
47. Kf2 Ra2+ 48. Kg1 Bg4 49. Nc3 Rb2 50. Nd5 Ra8 51. Re1 Bf3 52. Nf4 d5 53.
Nxd5 Raa2 54. Rc1 Rg2+ 55. Kf1 Rh2 0-1

[Event "Russian Championship B19 2016"]
[Site "Loo"]
[Date "2016.04.28"]
[Round "9.18"]
[White "Kruzhilin, Aleksey"]
[Black "Beljskij, Ilja"]
[Result "1-0"]
[WhiteElo "2161"]
[BlackElo "2110"]
[PlyCount "63"]
[EventDate "2016.04.20"]

1. d4 c5 2. d5 Nf6 3. c4 d6 4. g3 e6 5. Nc3 exd5 6. cxd5 g6 7. Bg2 Bg7 8. Nf3
O-O 9. O-O a6 10. a4 Nbd7 11. Bf4 Qc7 12. h3 Nh5 13. Bg5 f5 14. Qc2 Rb8 15. a5
c4 16. Nd2 h6 17. Be3 g5 18. Bf3 Ndf6 19. Bb6 Qe7 20. Nxc4 g4 21. hxg4 fxg4 22.
Bg2 Ne8 23. e4 Bd7 24. Rfe1 Rc8 25. Qd3 Nhf6 26. e5 dxe5 27. d6 Qe6 28. Nd5
Rxc4 29. Ne7+ Kh8 30. Ng6+ Kg8 31. Rxe5 Qf7 32. Re7 1-0

[Event "Russian Championship B19 2016"]
[Site "Loo"]
[Date "2016.04.28"]
[Round "9.19"]
[White "Ufimtsev, Egor"]
[Black "Sivtsev, Mikhail"]
[Result "1/2-1/2"]
[WhiteElo "2034"]
[BlackElo "1946"]
[PlyCount "80"]
[EventDate "2016.04.20"]

1. d4 e6 2. Nf3 f5 3. g3 Nf6 4. Bg2 Be7 5. O-O O-O 6. c4 d6 7. Nc3 Qe8 8. Qc2
Nbd7 9. e4 fxe4 10. Ng5 Nb6 11. Ncxe4 g6 12. Re1 Nxe4 13. Bxe4 Bxg5 14. Bxg5
Qf7 15. Bh6 Re8 16. Re3 e5 17. c5 d5 18. cxb6 dxe4 19. bxc7 exd4 20. Rxe4 Bf5
21. Rxe8+ Rxe8 22. Qc5 Bh3 23. Rc1 Qe6 24. c8=R Rxc8 25. Qxc8+ Qxc8 26. Rxc8+
Bxc8 27. Kf1 Bg4 28. Bf4 Bf3 29. Ke1 d3 30. Kd2 Be2 31. h4 Kf7 32. Be3 a6 33.
Bb6 Ke6 34. Be3 Kd5 35. Bb6 Ke4 36. Be3 Kf3 37. Bb6 Ke4 38. Be3 Kd5 39. Bb6 Ke4
40. Be3 Kd5 1/2-1/2

[Event "Russian Championship B19 2016"]
[Site "Loo"]
[Date "2016.04.28"]
[Round "9.20"]
[White "Kappushev, Ahmat"]
[Black "Drygalov, Andrey"]
[Result "0-1"]
[WhiteElo "1903"]
[BlackElo "2317"]
[PlyCount "88"]
[EventDate "2016.04.20"]

1. e4 c5 2. Nf3 e6 3. d4 cxd4 4. Nxd4 a6 5. c4 Nf6 6. Nc3 Qc7 7. Be2 Bb4 8. f3
Nc6 9. Nxc6 dxc6 10. O-O O-O 11. a3 Bc5+ 12. Kh1 e5 13. Qc2 Be6 14. b4 Bd4 15.
c5 Nh5 16. Bb2 Qe7 17. Na4 Nf4 18. Bxd4 exd4 19. Qd2 Nxe2 20. Qxe2 Rad8 21. Nb2
Bb3 22. Qd3 Qe6 23. a4 f5 24. Ra3 Ba2 25. Ra1 fxe4 26. fxe4 Bd5 27. exd5 Rxd5
28. Rf1 Rdf5 29. Raa1 Qa2 30. Rfb1 Qe6 31. Qxd4 Rf4 32. Qd2 Rf2 33. Qc3 Kh8 34.
Nd3 Rxg2 35. Rg1 Rxh2+ 36. Kxh2 Qh6+ 37. Kg2 Qg5+ 38. Kh2 Qh5+ 39. Kg2 Rf3 40.
Qxg7+ Kxg7 41. Nf2 Qf5 42. Ra2 h5 43. Rh1 Qd5 44. Re2 Rxf2+ 0-1

[Event "Russian Championship B19 2016"]
[Site "Loo"]
[Date "2016.04.28"]
[Round "9.21"]
[White "Lavrinenko, Aleksandr"]
[Black "Dinulin, Ilya"]
[Result "1/2-1/2"]
[WhiteElo "1969"]
[BlackElo "1812"]
[PlyCount "80"]
[EventDate "2016.04.20"]

1. e4 c6 2. d4 d5 3. Nc3 dxe4 4. Nxe4 Nf6 5. Nxf6+ exf6 6. c3 Bd6 7. Nf3 O-O 8.
Be2 Bg4 9. Be3 Nd7 10. O-O Qc7 11. h3 Bh5 12. Nh4 Bxe2 13. Qxe2 Rfe8 14. Nf5 g6
15. Nxd6 Qxd6 16. Qf3 Re6 17. Rfe1 Rae8 18. Bd2 Nb6 19. Rxe6 Rxe6 20. Qd3 c5
21. Be3 f5 22. Rd1 f4 23. Bc1 c4 24. Qf3 Nd5 25. Kf1 f5 26. Re1 Rxe1+ 27. Kxe1
Qe6+ 28. Qe2 Qe4 29. Kf1 b5 30. f3 Qxe2+ 31. Kxe2 Kg7 32. Bd2 g5 33. Kf2 Kg6
34. Be1 h5 35. Bd2 Kf6 36. Ke2 Kg6 37. Kf2 Kf6 38. Ke2 Kg6 39. Kf2 Kf6 40. Ke2
Kg6 1/2-1/2

[Event "Russian Championship B19 2016"]
[Site "Loo"]
[Date "2016.04.28"]
[Round "9.22"]
[White "Ermachkov, Ilja"]
[Black "Karpinskiy, Kirill"]
[Result "1-0"]
[WhiteElo "1730"]
[BlackElo "1984"]
[PlyCount "67"]
[EventDate "2016.04.20"]

1. d4 d5 2. c4 c6 3. Nc3 Nf6 4. cxd5 cxd5 5. Nf3 e6 6. Bg5 Be7 7. e3 O-O 8. Bd3
a6 9. O-O b5 10. Rc1 Nbd7 11. Bb1 Bb7 12. Qd3 Ne4 13. Bxe7 Qxe7 14. Nd2 Ndf6
15. f3 Nxd2 16. Qxd2 Rfd8 17. Rfd1 Rac8 18. Ne2 Ne8 19. g4 Nd6 20. Qd3 g6 21.
b3 Qg5 22. h3 h5 23. Kf2 Kg7 24. Rxc8 Rxc8 25. Rh1 hxg4 26. hxg4 b4 27. Qd2 a5
28. a4 bxa3 29. Qxa5 Ra8 30. Qc7 a2 31. Bxa2 Rxa2 32. Qxd6 Ba6 33. Qb8 Rxe2+
34. Kg3 1-0

[Event "Russian Championship G17 2016"]
[Site "Loo"]
[Date "2016.04.28"]
[Round "9.1"]
[White "Protopopova, Anastasiya"]
[Black "Gorovenko, Darya"]
[Result "1/2-1/2"]
[WhiteElo "2188"]
[BlackElo "2082"]
[PlyCount "82"]
[EventDate "2016.04.20"]

1. d4 Nf6 2. c4 g6 3. Nc3 d5 4. Bf4 Bg7 5. e3 c6 6. h3 O-O 7. Nf3 Qa5 8. Qd2
dxc4 9. Bxc4 b5 10. Bd3 b4 11. Ne2 Ba6 12. O-O c5 13. Rfc1 Bxd3 14. Qxd3 Nbd7
15. Nd2 Rac8 16. Nb3 Qb6 17. dxc5 Nxc5 18. Nxc5 Rxc5 19. Rxc5 Qxc5 20. Rc1 Qa5
21. Qc4 Nd5 22. Qb3 e6 23. Bg3 Qa6 24. Nf4 Nxf4 25. Bxf4 Qe2 26. Qxb4 Qxb2 27.
Qxb2 Bxb2 28. Rc7 Ra8 29. a4 a5 30. Rb7 Bc3 31. Rb8+ Rxb8 32. Bxb8 Kf8 33. Kf1
Ke7 34. Ke2 Kd7 35. Kd3 Be1 36. f3 Kc6 37. Kc4 Bd2 38. e4 Be3 39. Be5 Bb6 40.
Bc3 Bd8 41. Bd2 Bb6 1/2-1/2

[Event "Russian Championship G17 2016"]
[Site "Loo"]
[Date "2016.04.28"]
[Round "9.2"]
[White "Shuvalova, Polina"]
[Black "Potapova, Margarita"]
[Result "1-0"]
[WhiteElo "2196"]
[BlackElo "2109"]
[PlyCount "113"]
[EventDate "2016.04.20"]

1. e4 c5 2. Nf3 Nc6 3. c3 d5 4. exd5 Qxd5 5. d4 Nf6 6. Be2 cxd4 7. cxd4 e6 8.
O-O Be7 9. Nc3 Qd6 10. Bg5 O-O 11. a3 a6 12. Qd2 b5 13. b4 Bb7 14. Rfd1 Rac8
15. Rac1 Rfd8 16. h3 Nb8 17. Ne5 Nbd7 18. Qe3 Nb6 19. Qg3 Qb8 20. Bd3 Nc4 21.
Bxc4 bxc4 22. f3 Nh5 23. Qh4 Bxg5 24. Qxg5 Nf6 25. Na4 Bd5 26. Nc5 Qb5 27. Qd2
Ne8 28. a4 Qb6 29. Nxc4 Bxc4 30. Rxc4 Nd6 31. Rcc1 Rb8 32. Rb1 Nf5 33. Qc3 Ne7
34. Qc4 Ra8 35. a5 Qb5 36. Qxb5 axb5 37. Kf2 Nd5 38. Rb3 Kf8 39. g3 Ke7 40. f4
Ra7 41. Kf3 Rc8 42. Re1 g6 43. g4 Kd6 44. Re5 Ne7 45. Ne4+ Kd7 46. Rxb5 Nc6 47.
Ke3 Ne7 48. Nf6+ Kd6 49. Kd3 Rc1 50. Rc3 Rxc3+ 51. Kxc3 Rc7+ 52. Rc5 Ra7 53.
Kc4 h5 54. gxh5 gxh5 55. Rxh5 Nf5 56. Ne4+ Kc7 57. Rh7 1-0

[Event "Russian Championship G17 2016"]
[Site "Loo"]
[Date "2016.04.28"]
[Round "9.3"]
[White "Milovanova, Maria"]
[Black "Nosacheva, Mariya"]
[Result "1-0"]
[WhiteElo "1844"]
[BlackElo "2021"]
[PlyCount "105"]
[EventDate "2016.04.20"]

1. d4 Nf6 2. c4 g6 3. Nc3 Bg7 4. e4 d6 5. f3 O-O 6. Be3 Nc6 7. Nge2 a6 8. Qd2
Na5 9. Nc1 Nd7 10. Be2 c5 11. dxc5 Nxc5 12. Rb1 Nc6 13. O-O Ne6 14. Nb3 a5 15.
Na4 Bd7 16. Nb6 Rb8 17. Rfd1 f5 18. c5 f4 19. Bf2 Be5 20. Bc4 Kh8 21. Nxd7 Qxd7
22. Nxa5 Nxc5 23. Bxc5 Nxa5 24. Qxa5 Qc6 25. Ba7 Qxc4 26. Bxb8 Rxb8 27. Rbc1
Qe2 28. Qc7 Rg8 29. Qxe7 b6 30. Qd7 h6 31. b3 Qxa2 32. Rc7 Bg7 33. Qxd6 Qxb3
34. Rdc1 Qe3+ 35. Kh1 g5 36. Qd7 Kh7 37. Rc8 Rf8 38. R8c7 Rg8 39. Qf5+ Kh8 40.
Rc8 Qa3 41. Rxg8+ Kxg8 42. Rc8+ Bf8 43. Qg6+ Kh8 44. Qxh6+ Kg8 45. Qxg5+ Kh8
46. Qe5+ Kg8 47. Qe6+ Kh8 48. Qe5+ Kg8 49. Qxf4 b5 50. h3 Qa1+ 51. Kh2 Qg7 52.
Rc7 Qg6 53. e5 1-0

[Event "Russian Championship G17 2016"]
[Site "Loo"]
[Date "2016.04.28"]
[Round "9.4"]
[White "Erdenieva, Oyuna"]
[Black "Mylnikova, Olga"]
[Result "1-0"]
[WhiteElo "2123"]
[BlackElo "2194"]
[PlyCount "95"]
[EventDate "2016.04.20"]

1. d4 Nf6 2. c4 c5 3. d5 e6 4. Nc3 exd5 5. cxd5 d6 6. e4 g6 7. f4 Bg7 8. Bb5+
Nfd7 9. Nf3 a6 10. Bd3 b5 11. O-O O-O 12. Kh1 Bb7 13. f5 Nf6 14. fxg6 fxg6 15.
Ng5 Bc8 16. Ne6 Bxe6 17. dxe6 Re8 18. Bg5 Rxe6 19. Bxb5 axb5 20. Bxf6 Qd7 21.
Bxg7 Kxg7 22. Nd5 Ra7 23. Qf3 Qd8 24. Qc3+ Re5 25. Nf4 Kg8 26. Rad1 Nc6 27. Nd3
Rh5 28. Nf4 Re5 29. Qh3 Qd7 30. Qh6 Qg7 31. Qxg7+ Kxg7 32. Rxd6 Nd4 33. Nd3 Re6
34. Rd5 Rc6 35. Nxc5 Rxa2 36. Nd3 Nc2 37. Rxb5 Ra4 38. e5 Rd4 39. Nc5 Ne3 40.
Re1 Rd5 41. Rb7+ Kh6 42. Nd7 Rc2 43. h4 Ng4 44. Nf8 Nf2+ 45. Kg1 Kh5 46. Nxh7
Kxh4 47. Rb4+ Kh5 48. Nf6+ 1-0

[Event "Russian Championship G17 2016"]
[Site "Loo"]
[Date "2016.04.28"]
[Round "9.5"]
[White "Borisova, Ekaterina"]
[Black "Korchagina, Alena"]
[Result "1-0"]
[WhiteElo "2058"]
[BlackElo "2031"]
[PlyCount "101"]
[EventDate "2016.04.20"]

1. d4 d5 2. Nf3 Nf6 3. c4 c6 4. Qc2 g6 5. Bf4 Bg7 6. Nbd2 O-O 7. e3 Bf5 8. Qb3
Qb6 9. Be2 Nbd7 10. O-O Nh5 11. Bg5 f6 12. Bh4 g5 13. Bg3 Nxg3 14. hxg3 Qxb3
15. Nxb3 b6 16. cxd5 cxd5 17. Ba6 Rad8 18. Rac1 Nb8 19. Bb7 Bd3 20. Rfd1 Bc4
21. Nbd2 Rd7 22. Ba8 Na6 23. Nxc4 Rxa8 24. Ncd2 Rc7 25. Rxc7 Nxc7 26. Rc1 Ne8
27. g4 Kf7 28. Kf1 e6 29. Ke2 Rd8 30. Ne1 Rd7 31. Rc8 Rc7 32. Ra8 Nd6 33. Nd3
Bf8 34. Kd1 Ne4 35. Nb1 Be7 36. f3 Nd6 37. b3 Nc8 38. Kd2 Ke8 39. Nc3 Kd7 40.
Nb5 Bd6 41. a4 Rb7 42. Rxc8 Bg3 43. Rh8 a6 44. Nc3 Kd6 45. Ne2 Bh2 46. Rc8 Kd7
47. Rh8 Kd6 48. g3 b5 49. a5 f5 50. Ne5 fxg4 51. Nxg4 1-0

[Event "Russian Championship G17 2016"]
[Site "Loo"]
[Date "2016.04.28"]
[Round "9.6"]
[White "Aksenova, Maria"]
[Black "Afonasieva, Anna"]
[Result "0-1"]
[WhiteElo "1919"]
[BlackElo "2133"]
[PlyCount "98"]
[EventDate "2016.04.20"]

1. d4 d5 2. Nf3 Nf6 3. e3 c5 4. b3 cxd4 5. exd4 Nc6 6. Bb2 Bg4 7. Be2 e6 8. O-O
Bd6 9. h3 Bh5 10. Nbd2 O-O 11. Ne5 Bxe2 12. Qxe2 Rc8 13. c4 Bb8 14. Rad1 dxc4
15. Nxc6 Rxc6 16. bxc4 Qc7 17. g3 Rd8 18. Rfe1 h5 19. Qf3 h4 20. d5 exd5 21.
Be5 Qc8 22. cxd5 Nxd5 23. Bxb8 Qxb8 24. Ne4 hxg3 25. Nxg3 Nf6 26. Nf5 Rb6 27.
Qg2 g6 28. Rb1 Rxb1 29. Rxb1 Qe5 30. Nh6+ Kg7 31. Ng4 Nxg4 32. hxg4 b5 33. Qc6
Rh8 34. Qxb5 Qh2+ 35. Kf1 Qh1+ 36. Ke2 Qe4+ 37. Kd2 Qd4+ 38. Ke2 Qxg4+ 39. Kd2
Qd4+ 40. Ke2 Qe4+ 41. Kd2 Rd8+ 42. Kc3 Rc8+ 43. Kb2 Rc2+ 44. Kb3 Rxf2 45. Rc1
Rf3+ 46. Kb2 Qd4+ 47. Kb1 Rf6 48. Rc6 Qe4+ 49. Rc2 Rb6 0-1

[Event "Russian Championship G17 2016"]
[Site "Loo"]
[Date "2016.04.28"]
[Round "9.7"]
[White "Simakova, Elena"]
[Black "Tishova, Svetlana"]
[Result "1-0"]
[WhiteElo "1826"]
[BlackElo "1946"]
[PlyCount "113"]
[EventDate "2016.04.20"]

1. e4 c6 2. d4 d5 3. e5 Bf5 4. Nf3 e6 5. Be2 Ne7 6. O-O c5 7. c4 Nbc6 8. dxc5
d4 9. Bd3 Bg4 10. Qa4 Bxf3 11. gxf3 Qd7 12. Be4 Nxe5 13. Qxd7+ Kxd7 14. Bxb7
Rb8 15. Be4 f5 16. Bc2 Nxc4 17. Ba4+ Nc6 18. b3 N4e5 19. f4 Ng6 20. Bd2 Nh4 21.
Rc1 g6 22. a3 Bh6 23. Rd1 Kc7 24. Bc1 Rhd8 25. Ra2 a5 26. Re2 Re8 27. h3 Bf8
28. Kh2 Ra8 29. Kg3 g5 30. fxg5 Ng6 31. f4 Bg7 32. Bb2 Nf8 33. Bxc6 Kxc6 34.
Bxd4 Rad8 35. Red2 Bxd4 36. Rxd4 Rxd4 37. Rxd4 Kxc5 38. Rc4+ Kb6 39. Nc3 Rd8
40. Na4+ Kb5 41. Rc5+ Ka6 42. Rc6+ Kb7 43. Rc3 Rd4 44. Nc5+ Kb6 45. h4 Kb5 46.
h5 Rd1 47. Nd3 Rh1 48. h6 Kb6 49. Ne5 Rd1 50. a4 Rd5 51. Rc6+ Kb7 52. Rc3 Nd7
53. Nxd7 Rxd7 54. Kh4 Rd1 55. g6 hxg6 56. h7 Rd8 57. Kg5 1-0

[Event "Russian Championship G17 2016"]
[Site "Loo"]
[Date "2016.04.28"]
[Round "9.8"]
[White "Illina, Natalia"]
[Black "Shafigullina, Zarina"]
[Result "0-1"]
[WhiteElo "1945"]
[BlackElo "1930"]
[PlyCount "146"]
[EventDate "2016.04.20"]

1. e4 c5 2. Nf3 Nc6 3. Bb5 g6 4. Bxc6 bxc6 5. O-O Bg7 6. e5 Nh6 7. d3 O-O 8.
Bd2 Nf5 9. Bc3 Qb6 10. a4 d5 11. a5 Qb8 12. Qe2 d4 13. Bd2 Qxb2 14. Na3 Qb8 15.
c3 Be6 16. cxd4 Nxd4 17. Nxd4 cxd4 18. f4 Qc8 19. Bb4 Qd7 20. Bc5 f6 21. Nc2
Bg4 22. Qe4 fxe5 23. fxe5 Bf5 24. Qxd4 Qe6 25. Rfe1 Rfd8 26. Qf4 Bxd3 27. Nb4
Bb5 28. Qe3 a6 29. Rac1 Rf8 30. Qg5 Rf7 31. Nc2 Bc4 32. Ne3 Bb5 33. Ng4 Raf8
34. Nh6+ Bxh6 35. Qxh6 Qd5 36. Qe3 Qa2 37. e6 Rf2 38. Qe4 R2f4 39. Qe5 R4f5 40.
Qe3 Rf2 41. Qg3 Rc2 42. Rxc2 Qxc2 43. Bxe7 Re8 44. Bf6 Qc5+ 45. Kh1 Qf5 46. Qe5
Qxe5 47. Rxe5 h6 48. Re4 Bd3 49. Re3 Bf5 50. e7 Kf7 51. Bh4 g5 52. Bf2 Rxe7 53.
Rxe7+ Kxe7 54. h3 h5 55. Be3 g4 56. hxg4 Bxg4 57. Kg1 Kd6 58. Kf2 c5 59. Bd2
Kd5 60. Ke3 Kc4 61. Be1 Kb3 62. Kd2 c4 63. Kc1 c3 64. Bf2 Ka4 65. Bb6 h4 66.
Bd8 Bf5 67. Bf6 Kb4 68. Bxh4 Kxa5 69. g4 Bg6 70. Bf6 Kb4 71. Kd1 a5 72. Ke2 a4
73. Be7+ Kb3 0-1

[Event "Russian Championship G17 2016"]
[Site "Loo"]
[Date "2016.04.28"]
[Round "9.9"]
[White "Golovkina, Anastasia"]
[Black "Kozina, Anastasia"]
[Result "1/2-1/2"]
[WhiteElo "1881"]
[BlackElo "1994"]
[PlyCount "81"]
[EventDate "2016.04.20"]

1. e4 e6 2. d4 d5 3. Nc3 Nf6 4. e5 Nfd7 5. f4 c5 6. Nf3 Nc6 7. Be3 Be7 8. Qd2
O-O 9. dxc5 Nxc5 10. O-O-O a6 11. Kb1 b5 12. Nd4 Nxd4 13. Bxd4 b4 14. Ne2 a5
15. g4 Ba6 16. h4 a4 17. Rh3 Bc4 18. f5 b3 19. cxb3 axb3 20. a3 Ne4 21. Qf4 f6
22. Nc3 Bxf1 23. Rxf1 Nxc3+ 24. Bxc3 Qd7 25. Re1 Ra4 26. fxe6 Qe8 27. Qd2 d4
28. Bxd4 Qg6+ 29. Qd3 Rxd4 30. Qxg6 hxg6 31. exf6 Rxf6 32. Rxb3 Rd6 33. Rb7 Kf8
34. Rb8+ Rd8 35. Rb7 Rd6 36. Rb8+ Rd8 37. Rb7 Rd6 38. Rb8+ Rd8 39. Rb7 Rd6 40.
Rb8+ Rd8 41. Rb7 1/2-1/2

[Event "Russian Championship G17 2016"]
[Site "Loo"]
[Date "2016.04.28"]
[Round "9.10"]
[White "Yanuchenko, Polina"]
[Black "Martynyuk, Elizaveta"]
[Result "1-0"]
[WhiteElo "2092"]
[BlackElo "2059"]
[PlyCount "85"]
[EventDate "2016.04.20"]

1. d4 d5 2. c4 c6 3. Nc3 Nf6 4. e3 e6 5. Nf3 Nbd7 6. Qc2 Bd6 7. Bd3 O-O 8. O-O
dxc4 9. Bxc4 b5 10. Bd3 Bb7 11. a3 a6 12. b4 a5 13. Rb1 axb4 14. axb4 Qe7 15.
Bd2 Bxb4 16. e4 e5 17. dxe5 Ng4 18. Nd5 cxd5 19. Bxb4 Qe6 20. Bxf8 Ndxe5 21.
Nd4 Qh6 22. h3 dxe4 23. Be2 Qf4 24. Bxg4 Rxf8 25. Qc1 Qf6 26. Be2 Nd3 27. Bxd3
exd3 28. Qe3 Rd8 29. Rxb5 Ba6 30. Re5 g6 31. Re8+ Rxe8 32. Qxe8+ Kg7 33. Qc6 h5
34. Qxf6+ Kxf6 35. f4 Ke7 36. Kf2 Kd6 37. Ke3 Kd5 38. Ra1 Bc4 39. Ra5+ Kd6 40.
Kd2 Bd5 41. Nf3 Be4 42. Ne1 Ke6 43. Re5+ 1-0

[Event "Russian Championship G17 2016"]
[Site "Loo"]
[Date "2016.04.28"]
[Round "9.11"]
[White "Guseva, Lidia"]
[Black "Makhno, Maria"]
[Result "1/2-1/2"]
[WhiteElo "2065"]
[BlackElo "1962"]
[PlyCount "80"]
[EventDate "2016.04.20"]

1. d4 d5 2. c4 c6 3. Nc3 Nf6 4. e3 a6 5. a4 e6 6. Nf3 Qa5 7. Bd2 Bb4 8. Bd3 c5
9. O-O cxd4 10. exd4 Nc6 11. cxd5 Nxd5 12. Qb3 O-O 13. Rac1 Bd7 14. Qd1 h6 15.
Be4 Nce7 16. Bxd5 exd5 17. Ne5 Bxc3 18. Rxc3 Be6 19. Qh5 Nf5 20. Qd1 Qb6 21.
Be3 Rac8 22. Rb3 Qc7 23. g4 Nd6 24. g5 hxg5 25. Qh5 f6 26. Ng6 Rfd8 27. Qh8+
Kf7 28. Qh5 Kg8 29. Rc3 Qd7 30. Qh8+ Kf7 31. Qh5 Kg8 32. Qh8+ Kf7 33. Qh5 Kg8
34. Qh8+ Kf7 35. Qh5 Kg8 36. Qh8+ Kf7 37. Qh5 Kg8 38. Qh8+ Kf7 39. Qh5 Kg8 40.
Qh8+ Kf7 1/2-1/2